Statistiken für Größte Städte Deutschlands im Jahr 1800

Klicken Sie hier um das Quiz zu spielen!

Allgemein

  • Dieses Quiz wurde 387 mal gespielt
  • Das Durchschnittsergebnis liegt bei 11 aus 15

Antwortstatistiken

Tipp:Antwort% Korrekt
Heutiges Deutschland:Berlin
99%
Heutiges Deutschland:Hamburg
98%
Heutiges Deutschland:Köln
96%
Heutiges Deutschland:München
96%
Heutiges Deutschland:Dresden
87%
Heutiges Deutschland:Frankfurt am Main
87%
Heutiges Deutschland:Leipzig
83%
Heutiges Deutschland:Bremen
81%
Damaliges Deutschland:Wien
76%
Damaliges Deutschland:Danzig
69%
Damaliges Deutschland:Breslau
66%
Damaliges Deutschland:Prag
62%
Damaliges Deutschland:Königsberg
60%
Heutiges Deutschland:Augsburg
35%
Heutiges Deutschland:Braunschweig
22%

Verteilung der Resultate

Perzentil nach korrekt beantworteten Fragen

Anzahl Personen mit jedem Resultat

Ihre Resultats-Entwicklung

Sie haben dieses Quiz noch nicht gespielt